000 00725cam a22002291 4500
001 rc 01001539
003 DLC
005 20260227111904.0
008 860603s1869 fr b 000 0 fre
010 _arc 01001539
035 _a(OCoLC)13681780
040 _aDLC
_cKyU
_dKyU
_dDLC
042 _apremarc
050 0 0 _aF594
_b.S61
100 1 _aSimonin, Louis,
_d1830-1886.
245 1 3 _aLe grand-ouest des États-Unis.
_cpar L. Simonin. Les pionniers et les peaux-rouges: les colons du Pacifique.
260 _aParis,
_bCharpentier,
_c1869.
300 _a3 p. l., [iii]-v, 364 p.
_bmap.
_c18 cm.
651 0 _aWest (U.S.)
_xDescription and travel.
651 0 _aCalifornia
_xHistory.
650 0 _aIndians of North America.
999 _c52120
_d52120